Manual of planktonic Foraminifera / (Record no. 11344)
[ view plain ]
| 000 -LEADER | |
|---|---|
| fixed length control field | 00871nam a2200289 4500 |
| 001 - CONTROL NUMBER | |
| control field | 11344 |
| 003 - CONTROL NUMBER IDENTIFIER | |
| rucl marc code | BD-RjUL |
| 005 - DATE AND TIME OF LATEST TRANSACTION | |
| control field | 20211208235117.0 |
| 008 - FIXED-LENGTH DATA ELEMENTS--GENERAL INFORMATION | |
| fixed length control field | 140126t1971 ne a b 001 0 eng |
| 020 ## - INTERNATIONAL STANDARD BOOK NUMBER | |
| International Standard Book Number | 0444409092 |
| 035 ## - SYSTEM CONTROL NUMBER | |
| System control number | (BD-RjUL)11393 |
| 040 ## - CATALOGING SOURCE | |
| Original cataloging agency | DLC |
| Transcribing agency | DLC |
| Modifying agency | DLC |
| -- | BD-RjUL |
| Language of cataloging | eng |
| 041 ## - LANGUAGE CODE | |
| Language code of text/sound track or separate title | eng |
| 082 00 - DEWEY DECIMAL CLASSIFICATION NUMBER | |
| Classification number | 563.1 |
| Edition number | 16 |
| Author mark and year | POM 1971 |
| 100 1# - MAIN ENTRY--PERSONAL NAME | |
| Personal name | Postuma, J. A. |
| 9 (RLIN) | 35072 |
| 245 10 - TITLE STATEMENT | |
| Title | Manual of planktonic Foraminifera / |
| Statement of responsibility, etc. | By J. A. Postuma. |
| 260 ## - PUBLICATION, DISTRIBUTION, ETC. (IMPRINT) | |
| Place of publication, distribution, etc. | Amsterdam ; |
| -- | New York : |
| Name of publisher, distributor, etc. | Elsevier Pub. Co., |
| Date of publication, distribution, etc. | c1971. |
| 300 ## - PHYSICAL DESCRIPTION | |
| Pagination | vi, 422 p. : |
| Size | 30 cm. |
| Illustrations | illus., fold l. ; |
| 350 ## - PRICE (NR) (BK AM CF MU VM SE) [OBSOLETE] | |
| Price | fl93.60 |
| 504 ## - BIBLIOGRAPHY, ETC. NOTE | |
| Bibliography, etc | Includes Bibliographical reference and index. |
| 650 #0 - SUBJECT ADDED ENTRY--TOPICAL TERM | |
| Topical term or geographic name as entry element | Foraminifera, Fossil. |
| 9 (RLIN) | 35073 |
| Topical term or geographic name as entry element | Paleontology |
| Chronological subdivision | Mesozoic. |
| 9 (RLIN) | 35074 |
| Topical term or geographic name as entry element | Paleontology |
| Chronological subdivision | Cenozoic. |
| 9 (RLIN) | 35075 |
| 942 ## - ADDED ENTRY ELEMENTS (KOHA) | |
| Source of classification or shelving scheme | Dewey Decimal Classification |
| Koha item type | Books |
| Lost status | Source of classification or shelving scheme | Damaged status | Not for loan | Collection code | Permanent Location | Current Location | Shelving location | Date acquired | Source of acquisition | Total Checkouts | Full call number | Date last seen | Copy number | Koha item type |
|---|---|---|---|---|---|---|---|---|---|---|---|---|---|---|
| Dewey Decimal Classification | Not For Loan | Non-fiction | Central Library, University of Rajshahi | Central Library, University of Rajshahi | Reading Room | 30/10/1980 | Nederland Gift | 563.1 POM 1971 | 26/01/2014 | C-1 | Books |